00928nam a22002415a 4500008004100000020001900041040004100060082001900101100002200120245005900142250002400201260005700225300003500282500002400317504004200341650003600383650004400419651001000463653003700473942001900510999001700529952014000546150817t2014 ii a frb 001 0 eng d a9788120348455  aEG-ScBUE bengcEG-ScBUE dEG-ScBUE 04a004.6bPAL2221 aPal, Ajit.93888910aData communications and computer networks /cAjit Pal. aEastern Economy ed. aNew Delhi :bPHI Learning Private Limited ,cc.2014. axv, 396 p. :bill. ; c24 cm. aIndex : p. 387-396. aIncludes bibliographical references.  7aComputer networks.2BUEsh91660 7aData transmission systems.2BUEsh98864 2BUEsh bCOMSCIcAugust2015cDecember2015 2ddck004.6 PAL c20552d20524 00102ddc40708BaccahaMAINbMAINcLOWd2015-08-17ePurchaseg190.00h21759l0o004.6 PALp000030780r2025-07-15 00:00:00v238.00yBB